| 000 | 01052cam a2200229 4500 | ||
|---|---|---|---|
| 001 | L136926 | ||
| 008 | 070305s2007 xxk f 000 0 eng d | ||
| 035 | _a(Sirsi) u136926 | ||
| 041 | 0 | _aeng | |
| 100 | 1 | _aBarr, William | |
| 245 | 0 | 0 | _aUpdate: agriculture |
| 260 | _c2007 | ||
| 490 | 0 | 0 |
_aSolicitors' Journal _v151(6) 09 February 2007, 191-192(2) |
| 520 | _aLooks at inheritance tax and agricultural property relief after two significant cases, Antrobus 2 (Lloyds TSB Private Banking (Personal Representative of Rosemary Antrobus Dec'd) v CIR DET/47/2004) (L131626) and Arnander Lloyd and Villiers (Executors of David and Lady Cecilia McKenna) v Commissioners for HMRC [2006] SPC 565 (L136910 see also: L139900). | ||
| 590 | _aKA | ||
| 650 | 2 | 4 | _aMcKennas' Executors v HM Renvenue and Customs Commissioners |
| 650 | 2 | 4 | _aMCKENNA |
| 650 | 2 | 4 | _aANTROBUS'S PERSONAL REPRESENTATIVE V TWIDDY (INLAND REVENUE CAPITAL TAXES) |
| 651 | 4 |
_aEngland _y886- |
|
| 690 | _aPROPERTY-RURAL AND NATURAL ASSETS-RURAL AND NATURAL ASSET TAXATION | ||
| 942 | _n0 | ||
| 999 |
_c78490 _d78490 |
||